|
|
|
|
| LEADER |
00882nab#a2200301#ar4500 |
| 001 |
000054521 |
| 003 |
SVKKK |
| 005 |
20051026103821.0 |
| 008 |
051026c2005 xo e slo |
| FMT |
|
|
|
| 038 |
|
|
|a SVKKK
|
| 040 |
|
|
|a SVKKK
|b slo
|e AACR2
|
| 041 |
0 |
|
|a slo
|
| 044 |
|
|
|a xo
|c SK
|
| 080 |
|
|
|a 656.2
|2 1997
|
| 100 |
1 |
|
|a Rudohradský, Vladimír
|4 aut
|
| 245 |
1 |
0 |
|a Dnes na linke Ľubomír Boldi, námestník riaditeľa Jedálne a lôžkové vozne, a.s. Košice
|c Vladimír Rudohradský
|
| 610 |
2 |
4 |
|a Jedálne a lôžkové vozne (Košice, Slovensko)
|d (1993)
|x služby
|x situácia ekonomická
|
| 650 |
0 |
4 |
|a doprava železničná
|y 1993
|
| 700 |
1 |
|
|a Boldi, ĽUdovít
|4 ive
|
| 773 |
0 |
|
|t Východoslovenské noviny Lúč
|g Roč. 2, č. 169 (23.7.1993), s. 3
|
| 957 |
|
|
|a 802
|
| 958 |
|
|
|a K1
|
| 974 |
|
|
|a MI
|
| 992 |
|
|
|a RBX
|
| BAS |
|
|
|
| 852 |
|
|
|a SVKKK
|b BIB
|
| 998 |
|
|
|a REG
|